Helldivers II All Stratagems - Statistics

General Stats
  • This quiz has been taken 21 times
  • The average score is 27 of 51
Answer Stats
Hint Answer % Correct
Support Weapon Powerful cannon. Fires a heavy shell. Autocannon
93%
Support Weapon Single-use Launcher. Fires Anti-Tank munitions. Expendable Anti-Tank
79%
Support Weapon Ignites nearby enemies. Flamethrower
79%
Backpack Item Contains a floating drone with a laser gun. Guard Dog
79%
Support Weapon Energy-based weapon. Fires a powerful blast. Quasar Cannon
79%
Support Weapon Fast-firing weapon. Difficult to control. Heavy Machine Gun
71%
Support Weapon Fires a continous beam. Laser Cannon
71%
Support Weapon Fast-firing weapon. Must stand still to reload. Machine Gun
71%
Support Weapon Launcher. Fires Anti-Tank munitions. Recoilless Rifle
71%
Eagle A spray of bullets. Eagle Strafing Run
64%
Support Weapon Launcher. Fires grenades. Grenade Launcher
64%
Support Weapon Broken. Launches homing rockets. Spear
64%
Sentry Tower. Shoots lightning. Tesla Tower
64%
Support Weapon Energy-based weapon. Fires tendrils of lightning. Arc Thrower
57%
Sentry Tower. Shoots cannon rounds. Autocannon Sentry
57%
Eagle Drops a big bomb. Eagle 500kg Bomb
57%
Backpack Item Contains a floating drone with a machine gun. Guard Dog Rover
57%
Sentry Tower. Shoots bullets rapidly. Machine Gun Sentry
57%
Sentry Tower. Shoots explosive arcing rounds. Mortar Sentry
57%
Orbital Fires a barrage of high-explosive shells from the Super Destroyer. Orbital 380mm HE Barrage
57%
Support Weapon Pierces armor. Has a safe and Unsafe mode. Railgun
57%
Sentry Tower. Shoots rockets. Rocket Sentry
57%
Backpack Item Contains four supply boxes. Mobile. Supply Pack
57%
Support Weapon Fires armor-piercing rounds. Anti-Material Rifle
50%
Eagle Deploys rockets that auto-target enemies. Eagle 110mm Rocket Pods
50%
Sentry Tower. Shoots stunning arcing rounds. EMS Mortar Sentry
50%
Orbital Fires a barrage of shells from the Super Destroyer. Orbital 120mm HE Barrage
50%
Orbital Fires a gas bomb from the Super Destroyer. Orbital Gas Strike
50%
Orbital Fires a continous laser from the Super Destroyer. Orbital Laser
50%
Orbital Fires a single blast from the Super Destroyer, capable of killing most targets. Orbital Railcannon Strike
50%
Orbital Fires a moving barrage of high-explosive shells from the Super Destroyer. Orbital Walking Barrage
50%
Vehicle Mech suit. Last stratagem available. Patriot Exosuit
50%
Support Weapon Launcher. Fires a rocket that explodes into shrapnel. Airburst Rocket Launcher
43%
Eagle A line of explosives dropped perpendicular to the beacon. Eagle Airstrike
43%
Eagle Drops a line of smoke bombs. Eagle Smoke Strike
43%
Sentry Tower. Shoots bullets really, really fast. Gatling Sentry
43%
Orbital Fires a stunning bomb from the Super Destroyer. Orbital EMS Strike
43%
Orbital Fires a spray of explosive rounds from the Super Destroyer. Orbital Gatling Barrage
43%
Orbital Fires a 380mm shell from the Super Destroyer. Orbital Precision Strike
43%
Orbital Fires a smoke bomb from the Super Destroyer. Orbital Smoke Strike
43%
Sentry Tower. Drops mines. Anti-Personnel Mines
36%
Eagle A group of explosives that detonate twice. Eagle Cluster Bomb
36%
Eagle A line of napalm explosives dropped perpendicular to the beacon. Eagle Napalm Airstrike
36%
Sentry Emplacement. Found on defensive missions. HMG Emplacement
36%
Sentry Tower. Drops napalm mines. Incendiary Mines
36%
Orbital Fires a shell that explodes into shrapnel from the Super Destroyer. Orbital Airburst Strike
36%
Sentry Tower. Creates a shield. Shield Generator Relay
36%
Support Weapon Fast-firing weapon. Can be reloaded on the fly. Stalwart Machine Gun
36%
Backpack Item Shield. Blocks small projectiles. Ballistic Shield Backpack
29%
Backpack Item Blocks small projectiles. Shield Generator Pack
29%
Backpack Item Contains a jump pack. Jump Back
21%
No matching quizzes found
Score Distribution
Percent of People with Each Score
Percentile by Number Answered
Your Score History
You have not taken this quiz